Fundamentals of veterinary microbiology (Record no. 395818)

MARC details
000 -LEADER
fixed length control field 00563 a2200217 4500
005 - DATE & TIME
control field 20260214110745.0
008 - FIXED-LENGTH DATA ELEMENTS--GENERAL INFORMATION
fixed length control field 260212b |||||||| |||| 00| 0 eng d
020 ## - ISBN
International Standard Book Number 9780470659472
Price $ 75.00
040 ## - CATALOGING SOURCE
Original cataloging agency VIVEKANANDA LIBRARY
082 ## - DDC NUMBER
Classification number 636.0896
Book Number R969F
100 ## - MAIN ENTRY--PERSONAL NAME
Personal name Rycroft, Andrew N
110 ## - MAIN ENTRY--CORPORATE NAME
Corporate name
245 ## - TITLE STATEMENT
Title Fundamentals of veterinary microbiology
260 ## - PUBLICATION, DISTRIBUTION, ETC. (IMPRINT)
Name of publisher, distributor, etc John Wiley
Date of publication, distribution, etc 2024
Place of publication, distribution, etc West sussex
300 ## - PHYSICAL DESCRIPTION
Pages xix, 220
650 ## - Subject
Subject Microbiology
650 ## - Subject
Subject Animal Husbandry
650 ## - Subject
Subject Veterinary Medicine
650 ## - Subject
Subject Microbial Diseases
942 ## - ADDED ENTRY ELEMENTS (KOHA)
Koha item type Books
Holdings
Withdrawn status Lost status Source of classification or shelving scheme Damaged status Not for loan Location (home branch) Sublocation or collection (holding branch) Shelving location Date acquired Koha issues (times borrowed) Koha full call number Accession No. Koha date last seen Koha item type
    Dewey Decimal Classification     VIVEKANANDA LIBRARY VIVEKANANDA LIBRARY Vivekananda Library 27/01/2026   636.0896 R969F 444251 27/01/2026 Books
© Designed and Maintained by Vivekananda Library, MDU Rohtak